| 000 | 01515ngm a22003490a 4500 | ||
|---|---|---|---|
| 001 | PT15546 | ||
| 003 | AR-LpoUNG | ||
| 005 | 20210202000200.0 | ||
| 007 | vd cvaizq | ||
| 008 | 191001s1948||||ag |||||||||||||||||ita d | ||
| 037 | _c$6.70 | ||
| 040 |
_aAR-LpoUNG _bspa _cAR-LpoUNG _eaacr |
||
| 041 |
_aita _aspa |
||
| 044 | _aag | ||
| 082 | 0 | _a302.01 441arr | |
| 100 | 1 |
_aDe Santis, Giuseppe _edir. |
|
| 245 | 1 | 0 | _aArroz amargo |
| 260 |
_aBuenos Aires : _bYesterday Video Home, _c1948. |
||
| 300 | _aVHS (108 min.) : son., col. | ||
| 505 | 0 | _aFotografía: Otello Martelli ; música: Golfredo Petrassi. | |
| 520 | _aEn una estación de la que parten los trenes que llevan a las trabajadoras a los arrozales, Walter Granata huye de la policía. Los agentes de paisano lo buscan porque ha robado un collar que vale una fortuna. Walter debía ver a su novia Francesca en la estación, pero finge evitarla y se limita a confiarle el botín. Francesca debe confundirse entre las mujeres que se agolpan en la estación mientras Walter permanece escondido esperando el momento propicio para huir juntos. A partir de esto se desencadena una historia mezclando amor, clandestinidad y mostrando la realidad sociale en la vida rural. | ||
| 650 | 4 | _aINDIVIDUOS | |
| 650 | 4 | _aITALIA | |
| 650 | 4 | _aPROBLEMAS SOCIALES | |
| 650 | 4 | _aSOCIEDAD | |
| 650 | 4 | _aTRABAJADORES MIGRATORIOS | |
| 650 | 4 | _aTRABAJADORES RURALES | |
| 653 | _aVIDEOS | ||
| 710 | 2 | _aLux (firma comercial) | |
| 905 | _a15546 | ||
| 942 | _cVIDEO | ||
| 999 |
_c54274 _d54274 |
||